01435nam a22003135i 4500001000700000003000900007005001700016008004100033020001800074080002500092080002800117080003500145100004100180245027400221260003600495300003900531490004500570700002900615700004300644700005100687700004200738700003000780700003200810700003300842830005300875852005100928999001900979952012300998183103ES-MaACL20260426162626.0140116s1993 sp | |||| ||spa d a84-397-1887-X a929 Pasternak, Boris a929 Rilke, Rainer Maria a929 Tsvetaeva, Marina Ivanovna1 aPasternak, Boris Leonidovich.98946410aCartas del verano de 1926 /cBorís Pasternak, Rainer Maria Rilke, Marina Tsvietáieva ; introducción, recopilación y notas de K.M. Azadovski, Elena Pasternak y Evgueni Pasternak ; traducción de Selma Ancira ; versión de los poemas en ruso de Tatiana Bubnova. aBarcelona :bMondadori,c[1993] a347 p., [8] p. de lám. ;c20 cm.1 aEl espejo de tinta. Serie Vidas privadas11aBubnova, Tatiana.9322701 aRilke, Rainer Maria,d1875-19269972300 aTsvetaeva, Marina Ivanovna,d1892-194191116141 aAzadovski, Konstantin,d1941-91542111 aPasternak, Elena.91542121 aPasternak, Evgueni.91542131 aAncira, Selma,d1956-9214080 aEl espejo de tinta. Serie Vidas privadas9224938 aES-MaACLjL-29920z.- Donat. Miguel A. Velasco c183103d183103 00104070aATENEOMbATENEOMcDEPO2d2014-01-16eDONl0oL-29920p1192442r2023-02-23 00:00:00w2023-02-23yMONOGRAFIA